01487nam a2200253 a 4500001001000000005001700010008004100027041000800068044000700076084002100083100004500104245009500149260003600244300002400280500018000304500013300484500036800617500001000985650005200995650005701047650003401104650004501138740005001183BRCA_256020190320203851.0261108s1873----fr-a---###---#000-0dspa-u aspa afr a165b.G376c18731 aCervantes Saavedra, Miguel ded1547-161610aEl Ingenioso Hidalgo Don Quijote de la Manchaccompuesto por Miguel de Cervantes Saavedra. aParísbGarnier hermanosc1873 a768 p.bil.c23 cm. aContenido : Primera parte. Vida de Cervantes. Dedicatoria del autor. Prólogo del autor. Versos preliminares. Segunda parte. Dedicatoria del autor. Prólogo del autor. Texto aEdición : Edición conforme a la última corregida por la Academia Española con notas para la buena inteligencia del texto aContiene la Vida de Cervantes, refundición de la escrita por Aribau, que no aporta nada nuevo. Linda edición, adornada con varios dibujos de Staal, grabados en madera por Pannemaker, Monard y otros. Impresión buena y pulcra sobre papel de calidad. Magnífico ejemplar. Piel; lomeras decoradas con florones y filetes dorados; planos orlados Lúdovik Osterc aQM15714aNovela españolayÉpoca clásica, 1500-170014aLitteratura españolayÉpoca clásica, 1500-170014aNovela españolaySiglo XVII14aDon Quijote (Personaje ficticio)eNovela0 aEl Ingenioso Hidalgo Don Quijote de la Mancha